Et si Squeezie était polyglotte ? - Statistiques

Statistiques générales
  • Ce quiz a été pris 599 fois
  • Le résultat moyen est 12 sur 19
Statistiques - réponses
Hint Réponse % Correct
Is it good for you? Anglais
100%
Est-ce que c'est bon pour vous ? Français
100%
Es bueno para usted ? Espagnol
98%
Va bene per te ? Italien
95%
Ist es gut für dich ? Allemand
92%
أهذا جيد بالنسبة إليك ؟ Arabe
90%
这对你们有好处吗? Chinois
83%
それは良いですか? Japonais
81%
Это хорошо для вас ? Russe
75%
Está bom para você ? Portugais
67%
Είναι καλό για εσάς; Grec
56%
Sizin için uygun mudur ? Turc
55%
Het is goed voor je ? Néerlandais
53%
האם זה טוב לך? Hebreu
41%
Är det bra för dig ? Suédois
33%
Czy to jest dla Ciebie dobre ? Polonais
29%
Onko se hyvä sinulle? Finnois
19%
Je to pro vás dobré? Tcheque
12%
Apakah itu baik untukmu? Indonesien
9%
Aucun quiz correspondant
Distribution des résultats
% des personnes avec chaque résultat
Percentile par nombre de réponses
Votre historique - résultats
Vous n’avez pas pris ce quiz